[Event "Championnat de France - Open A"]
[Site "VAL D ISERE"]
[Date "????.??.??"]
[Round "4.1"]
[White "Debray, Tristan"]
[Black "Aout, Sebastien"]
[Result "0-1"]
[WhiteElo "2114"]
[BlackElo "2198"]
[PlyCount "116"]

1. e4 c5 2. Nc3 Nc6 3. g3 g6 4. Bg2 Bg7 5. d3 e6 6. Be3 d6 7. Qd2 Rb8 8. f4
Nge7 9. Nge2 Nd4 10. O-O O-O 11. Nd1 Nxe2+ 12. Qxe2 b5 13. Qf2 a6 14. g4 f5 15.
gxf5 exf5 16. e5 dxe5 17. Bxc5 Bb7 18. Re1 Bxg2 19. Kxg2 Re8 20. fxe5 Qd5+ 21.
Kg1 Bxe5 22. d4 Bf6 23. Nc3 Qf7 24. a3 Nd5 25. Qf3 Nxc3 26. Qxc3 Qd5 27. Qd3
Rxe1+ 28. Rxe1 Rd8 29. Qe3 Bxd4 30. Bxd4 Qxd4 31. Qxd4 Rxd4 32. Re2 Kf7 33. c3
Rd6 34. Kf2 g5 35. Rc2 Kg6 36. Ke2 g4 37. c4 bxc4 38. Rxc4 Kg5 39. Rc5 h5 40.
b4 h4 41. Rc3 Re6+ 42. Kf2 Re5 43. Rc8 Kf4 44. Rc3 Rd5 45. Rc4+ Ke5 46. Ke3 Rd1
47. Rc5+ Kf6 48. Kf2 Rd2+ 49. Kg1 Kg5 50. Rc3 Ra2 51. Re3 Kf4 52. Rc3 Re2 53.
a4 Ra2 54. a5 Ra1+ 55. Kg2 h3+ 56. Kf2 Rh1 57. Rc4+ Kg5 58. Kg3 Rf1 0-1

[Event "Championnat de France - Open A"]
[Site "VAL D ISERE"]
[Date "????.??.??"]
[Round "4.2"]
[White "Daligault, Jean"]
[Black "Redon, Bruno"]
[Result "1/2-1/2"]
[WhiteElo "2112"]
[BlackElo "2190"]
[PlyCount "155"]

1. d4 Nf6 2. Nf3 g6 3. c4 Bg7 4. Nc3 O-O 5. e4 d6 6. Be2 e5 7. O-O Nc6 8. d5
Ne7 9. b4 a5 10. Ba3 Nh5 11. c5 Nf4 12. Nd2 f5 13. bxa5 fxe4 14. cxd6 cxd6 15.
Ndxe4 Nf5 16. Nb5 Rxa5 17. Bxd6 Rxb5 18. Bxf8 Nxe2+ 19. Qxe2 Nd4 20. Qxb5 Nxb5
21. Bxg7 Kxg7 22. d6 Bf5 23. a4 Nd4 24. Ng3 Bc2 25. Rfe1 Qxd6 26. Re3 Nc6 27.
Rea3 h5 28. h3 Nd4 29. Re3 Bxa4 30. Rxa4 Nf3+ 31. gxf3 Qd1+ 32. Kg2 Qxa4 33.
Rxe5 b5 34. Ne4 b4 35. Nc5 Qc2 36. h4 b3 37. Nxb3 Qxb3 38. Re4 Qd3 39. Ra4 Kf6
40. Re4 Qd5 41. Kg3 g5 42. hxg5+ Qxg5+ 43. Kh2 Qd2 44. Kg3 Kf5 45. Kg2 Qc1 46.
Ra4 Qg5+ 47. Kh2 Qd2 48. Kg2 Kg5 49. Re4 h4 50. Re5+ Kf6 51. Re4 Qg5+ 52. Rg4
Qh5 53. Rf4+ Ke6 54. Re4+ Kf5 55. Ra4 h3+ 56. Kg3 Qh7 57. Rf4+ Ke5 58. Re4+ Kd5
59. Re1 Qh5 60. Rh1 Qg5+ 61. Kxh3 Ke5 62. Kh2 Kf4 63. Rg1 Qh5+ 64. Kg2 Qxf3+
65. Kf1 Qd3+ 66. Kg2 Kg4 67. Re1 Qc2 68. Re3 Qd1 69. Rg3+ Kf4 70. Re3 Qd5+ 71.
Kf1 Qh1+ 72. Ke2 Qg2 73. Rg3 Qh2 74. Re3 Qh1 75. Rg3 Ke4 76. Re3+ Kd4 77. Rg3
Qh5+ 78. Kf1 1/2-1/2

[Event "Championnat de France - Open A"]
[Site "VAL D ISERE"]
[Date "????.??.??"]
[Round "4.3"]
[White "Gelis, Dorian"]
[Black "Marin, Sebastien"]
[Result "1-0"]
[WhiteElo "2179"]
[BlackElo "2112"]
[PlyCount "51"]

1. e4 c5 2. Nc3 Nc6 3. Bb5 g6 4. Bxc6 dxc6 5. d3 Bg7 6. Be3 b6 7. Qd2 e5 8.
O-O-O Be6 9. Nge2 Qd6 10. f4 f6 11. Rhf1 Ne7 12. fxe5 fxe5 13. Bh6 Bxh6 14.
Qxh6 O-O-O 15. h3 Qc7 16. Qg5 Rhe8 17. Ng1 Ng8 18. Nf3 Bf7 19. Qg4+ Kb7 20. Ng5
Rd7 21. Nxh7 c4 22. Ng5 cxd3 23. Rxd3 Rxd3 24. Rxf7 Qxf7 25. Nxf7 Rd4 26. Qxg6
1-0

[Event "Championnat de France - Open A"]
[Site "VAL D ISERE"]
[Date "????.??.??"]
[Round "4.4"]
[White "Rachez, Christophe"]
[Black "Bodenez, Vincent"]
[Result "0-1"]
[WhiteElo "2060"]
[BlackElo "2174"]
[PlyCount "62"]

1. d4 e6 2. c4 d5 3. Nc3 Nf6 4. Bg5 c6 5. e3 Be7 6. Nf3 Nbd7 7. Qc2 O-O 8. Bd3
Re8 9. O-O-O Qa5 10. Kb1 dxc4 11. Bxc4 b5 12. Bd3 h6 13. Bxf6 Nxf6 14. Ne5 Bb7
15. Rhg1 Bd6 16. g4 b4 17. Nc4 Qd8 18. g5 hxg5 19. Nxd6 Qxd6 20. Ne4 Nxe4 21.
Bxe4 e5 22. Rxg5 exd4 23. Rxd4 Qh6 24. Qc5 Qxh2 25. Rh5 Qg1+ 26. Kc2 Rxe4 27.
Rxe4 Rd8 { } 28. Rd4 28... Qxf2+ 29. Kd3 Ba6+ 30. Ke4 Re8+ 31. Re5 f5# 0-1

[Event "Championnat de France - Open A"]
[Site "VAL D ISERE"]
[Date "????.??.??"]
[Round "4.5"]
[White "Gaillard, Michel"]
[Black "Plane, Boris"]
[Result "0-1"]
[WhiteElo "2040"]
[BlackElo "2134"]
[PlyCount "62"]

1. d4 g6 2. Nf3 Bg7 3. e4 d6 4. Nc3 c6 5. h3 Nd7 6. Bc4 e5 7. O-O Ngf6 8. dxe5
dxe5 9. Be3 O-O 10. Bb3 a5 11. a4 Qe7 12. Nd2 Nc5 13. Qf3 Nxb3 14. Nxb3 Nd7 15.
Qe2 Re8 16. Rfd1 Bf8 17. Rf1 Qe6 18. Rad1 f5 19. f3 f4 20. Bf2 b6 21. Qd2 Rb8
22. Rfe1 g5 23. Qd3 h5 24. Nd2 Qg6 25. Nc4 g4 26. fxg4 hxg4 27. hxg4 Nc5 28.
Bxc5 Bxc5+ 29. Kf1 Bxg4 30. Nd6 Qh5 31. Qc4+ Re6 0-1

[Event "Championnat de France - Open A"]
[Site "VAL D ISERE"]
[Date "????.??.??"]
[Round "4.6"]
[White "Simondet, Camille"]
[Black "Launiau, Severin"]
[Result "1/2-1/2"]
[WhiteElo "1989"]
[BlackElo "2123"]
[PlyCount "48"]

1. d4 Nf6 2. c4 e6 3. Nf3 b6 4. g3 Bb7 5. Bg2 c5 6. O-O cxd4 7. Nxd4 Bxg2 8.
Kxg2 Nc6 9. Nxc6 dxc6 10. Qxd8+ Rxd8 11. Bg5 Be7 12. Nc3 Nd7 13. Bxe7 Kxe7 14.
Rad1 Nf6 15. Rxd8 Rxd8 16. Rd1 Rxd1 17. Nxd1 Kd6 18. Kf3 Ke5 19. e3 Ne4 20. Ke2
h5 21. Kd3 f5 22. f4+ Kd6 23. Nc3 Nxc3 24. Kxc3 c5 1/2-1/2

[Event "Championnat de France - Open A"]
[Site "VAL D ISERE"]
[Date "????.??.??"]
[Round "4.7"]
[White "Depyl, Pascal"]
[Black "Roussiere, Christophe"]
[Result "1/2-1/2"]
[WhiteElo "2190"]
[BlackElo "2133"]
[PlyCount "73"]

1. e4 e5 2. Nf3 Nf6 3. d3 Nc6 4. Be2 Bc5 5. c3 d6 6. Nbd2 a6 7. Qc2 Qe7 8. O-O
O-O 9. b4 Ba7 10. a3 Bg4 11. Nc4 Bxf3 12. Bxf3 Nd8 13. Ne3 g6 14. Kh1 c6 15. g3
Rc8 16. Ng4 Nxg4 17. Bxg4 f5 18. Bh3 Rc7 19. Bh6 Rf7 20. f4 exf4 21. exf5 Qf6
22. fxg6 Qxg6 23. Bxf4 Rce7 24. Rae1 Rxe1 25. Rxe1 Kg7 26. Qe2 Bb6 27. Bg2 d5
28. d4 Rf8 29. Bh3 Nf7 30. Qg4 Bd8 31. Qd7 b5 32. Bf5 Qh5 33. Be5+ Kg8 34. Be6
Qf3+ 35. Kg1 Bg5 36. h4 Be3+ 37. Kh2 1/2-1/2

[Event "Championnat de France - Open A"]
[Site "VAL D ISERE"]
[Date "????.??.??"]
[Round "4.8"]
[White "Regoli, Stephane"]
[Black "Trouilleux, Kevin"]
[Result "0-1"]
[WhiteElo "2176"]
[BlackElo "2132"]
[PlyCount "56"]

1. e4 c5 2. Nc3 Nc6 3. Bb5 e6 4. Bxc6 bxc6 5. f4 d6 6. Nf3 Ne7 7. O-O Ng6 8. d3
Be7 9. e5 O-O 10. Qe2 Qc7 11. g3 d5 12. Nd1 f6 13. c4 fxe5 14. Nxe5 Nxe5 15.
fxe5 Bd7 16. Bf4 Be8 17. h4 h5 18. Ne3 Rb8 19. Ng2 Qd7 20. g4 dxc4 21. gxh5
cxd3 22. Qg4 Rf5 23. h6 Bf8 24. Ne3 Qd4 25. b3 Rb4 26. hxg7 Bxg7 27. a3 Qxe3+
28. Kh2 Rbxf4 0-1

[Event "Championnat de France - Open A"]
[Site "VAL D ISERE"]
[Date "????.??.??"]
[Round "7.1"]
[White "Redon, Bruno"]
[Black "Bodenez, Vincent"]
[Result "1/2-1/2"]
[WhiteElo "2190"]
[BlackElo "2174"]
[PlyCount "22"]

1. e4 e6 2. d4 d5 3. Nc3 Bb4 4. exd5 exd5 5. Bd3 Nc6 6. a3 Bxc3+ 7. bxc3 Nf6 8.
Bg5 O-O 9. Qf3 Qe8+ 10. Ne2 Bg4 11. Qe3 Qxe3 1/2-1/2

[Event "Championnat de France - Open A"]
[Site "VAL D ISERE"]
[Date "????.??.??"]
[Round "7.2"]
[White "Aout, Sebastien"]
[Black "Truchot, Baptiste"]
[Result "1-0"]
[WhiteElo "2198"]
[BlackElo "2122"]
[PlyCount "115"]

1. e4 e6 2. d4 d5 3. Nc3 Bb4 4. e5 c5 5. Bd2 cxd4 6. Nb5 Bc5 7. Qg4 Ne7 8. Qxg7
Rg8 9. Qxh7 a6 10. Nd6+ Bxd6 11. exd6 Qxd6 12. f4 e5 13. fxe5 Qxe5+ 14. Kf2 Bf5
15. Qh5 Qc7 16. Bd3 Be4 17. Nf3 Nd7 18. Ng5 O-O-O 19. Nxe4 dxe4 20. Bxe4 f5 21.
Bd3 Ne5 22. Rae1 Rh8 23. Qe2 Ng4+ 24. Kg1 Rxh2 {#} 25. Bxf5+ Nxf5 26. Qxg4
Rxh1+ 27. Kxh1 Qh7+ 28. Qh3 Qxh3+ 29. gxh3 Rg8 30. Bf4 Nh4 31. Bh2 Rf8 32. Bg3
Nf5 33. Kh2 Ne3 34. c3 Nc2 35. Rd1 Rd8 36. Rd3 Rd7 37. cxd4 Nxd4 38. Be5 Nc6
39. Rxd7 Kxd7 40. Bg7 Ke7 41. Kg3 Kf7 42. Bh8 b5 43. Kf3 a5 44. Ke4 Ke6 45. h4
a4 46. a3 b4 47. axb4 Nxb4 48. Bc3 Nd5 49. Kd4 a3 50. bxa3 Ne7 51. Kc5 Kd7 52.
a4 Kc7 53. a5 Kb7 54. h5 Nf5 55. Kd5 Ka6 56. Ke5 Nh6 57. Bd2 Ng8 58. Ke6 1-0

[Event "Championnat de France - Open A"]
[Site "VAL D ISERE"]
[Date "????.??.??"]
[Round "7.3"]
[White "Daligault, Jean"]
[Black "Aurel, Luc"]
[Result "1/2-1/2"]
[WhiteElo "2112"]
[BlackElo "2187"]
[PlyCount "36"]

1. d4 Nf6 2. Nf3 g6 3. Bf4 Bg7 4. c3 d6 5. h3 O-O 6. e3 Nbd7 7. Be2 c5 8. O-O
cxd4 9. cxd4 Qb6 10. Nbd2 Qd8 11. a4 b6 12. Qb3 Bb7 13. a5 a6 14. axb6 Qxb6 15.
Ra4 Qxb3 16. Nxb3 Bd5 17. Nbd2 a5 18. Rfa1 Rfb8 1/2-1/2

[Event "Championnat de France - Open A"]
[Site "VAL D ISERE"]
[Date "????.??.??"]
[Round "7.4"]
[White "Pieroni, Guillaume"]
[Black "Gelis, Dorian"]
[Result "0-1"]
[WhiteElo "2107"]
[BlackElo "2179"]
[PlyCount "48"]

1. e4 d6 2. d4 Nf6 3. Nc3 Nbd7 4. Be3 e5 5. f3 c6 6. Qd2 Be7 7. g4 O-O 8. h4 b5
9. Nge2 b4 10. Nd1 d5 11. g5 Nh5 12. Bh3 exd4 13. Nxd4 Ne5 14. Qg2 Bxh3 15.
Qxh3 dxe4 16. f4 c5 17. Nf5 Nf3+ 18. Kf2 Nd4 19. Rc1 Nxf5 20. Qxf5 Re8 21. b3
g6 22. Qg4 Bd6 23. f5 Ng3 24. Rh3 gxf5 0-1

[Event "Championnat de France - Open A"]
[Site "VAL D ISERE"]
[Date "????.??.??"]
[Round "7.5"]
[White "Laval, Brice"]
[Black "Baron, Thierry"]
[Result "0-1"]
[WhiteElo "2106"]
[BlackElo "2147"]
[PlyCount "88"]

1. e4 e5 2. Nf3 Nc6 3. c3 Nf6 4. d4 exd4 5. e5 Nd5 6. cxd4 Be7 7. Qb3 Nb6 8. d5
Nb8 9. a4 d6 10. e6 fxe6 11. dxe6 a5 12. Bd3 Na6 13. Bxh7 Nc5 14. Bg6+ Kf8 15.
Qc2 Bxe6 16. Nd4 Bf7 17. O-O Bxg6 18. Qxg6 Qe8 19. Qg3 Bf6 20. Nb5 Qf7 21. Nxd6
Qb3 {#} 22. Bf4 Qxb2 23. Nd2 Nd5 24. N6e4 Nxe4 25. Nxe4 Nxf4 26. Qxf4 Qe5 27.
Qg3 Qxe4 28. Rfe1 Qc6 29. h3 Qd6 30. Qb3 b6 31. Re6 Qb4 32. Qd5 Rb8 33. Qc6 Qf4
34. Rae1 Kg8 35. R1e4 Qf5 36. g4 Qg6 37. Qxc7 Rf8 38. Qc4 Kh7 39. Rxb6 Rc8 40.
Qd3 Rc3 41. Qb1 Rhc8 42. Kg2 R8c4 43. f3 Rc2+ 44. Kg3 Rxe4 0-1

[Event "Championnat de France - Open A"]
[Site "VAL D ISERE"]
[Date "????.??.??"]
[Round "7.6"]
[White "Plane, Boris"]
[Black "Ruffenach, Alain"]
[Result "1-0"]
[WhiteElo "2134"]
[BlackElo "2065"]
[PlyCount "75"]

1. e4 g6 2. d4 Bg7 3. Nc3 d6 4. Bc4 Nf6 5. Qe2 Nc6 6. d5 Ne5 7. Bb3 Ned7 8. f4
Nb6 9. a4 O-O 10. a5 Bg4 11. Qe3 Nc8 12. h3 Bd7 13. e5 Ne8 14. Nf3 Bh6 15. Qe2
dxe5 16. fxe5 Bxc1 17. Rxc1 e6 18. O-O exd5 19. Nxd5 Ne7 20. Nf6+ Nxf6 21. exf6
Nf5 22. Rcd1 Qe8 23. Qd2 Bc6 24. Rfe1 Qd8 25. Qg5 Qc8 26. Ne5 Be8 27. g4 h6 28.
Qxg6+ Kh8 29. Qxf5 Qxf5 30. gxf5 Rg8+ 31. Kf2 Rg5 32. Rd3 Rxf5+ 33. Rf3 Rh5 34.
Nxf7+ Bxf7 35. Bxf7 Rxa5 36. Re7 Rc5 37. Bg6 Kg8 38. Rh7 1-0

[Event "Championnat de France - Open A"]
[Site "VAL D ISERE"]
[Date "????.??.??"]
[Round "7.7"]
[White "Depyl, Pascal"]
[Black "Brethes, Francois"]
[Result "0-1"]
[WhiteElo "2190"]
[BlackElo "2114"]
[PlyCount "38"]

1. c4 b6 2. d4 Bb7 3. d5 e6 4. e4 Nf6 5. Bd3 exd5 6. cxd5 Bb4+ 7. Nc3 Qe7 8.
Qe2 c6 9. d6 Bxd6 10. Nf3 Bc7 11. Bg5 d6 12. O-O Nbd7 13. Nd4 O-O 14. f4 b5 15.
Qf3 Bb6 16. Nce2 c5 17. Nf5 Qe6 18. Rae1 Qxf5 19. Ng3 Qg4 0-1

[Event "Championnat de France - Open A"]
[Site "VAL D ISERE"]
[Date "????.??.??"]
[Round "7.8"]
[White "Bouhlel, Mohamed"]
[Black "Depoorter, Enguerran"]
[Result "1-0"]
[WhiteElo "2178"]
[BlackElo "2109"]
[PlyCount "55"]

1. e4 d6 2. d4 Nf6 3. Nc3 Nbd7 4. g4 h6 5. Be3 e5 6. h3 c6 7. Bg2 Qc7 8. Nge2
b5 9. Ng3 a6 10. O-O g6 11. Qd2 Bb7 12. f4 Bg7 13. Rad1 exf4 14. Bxf4 O-O-O 15.
a4 Nb6 16. b3 Nfd7 17. axb5 cxb5 18. Na2 Nb8 19. Nb4 h5 20. gxh5 gxh5 21. Nf5
Bf8 22. Kh2 Re8 23. e5 Bxg2 24. Nxd6+ Bxd6 25. exd6 Qd7 26. Qxg2 Rhg8 27. Qf3
Qf5 28. Be5 1-0

[Event "Championnat de France - Open A"]
[Site "VAL D ISERE"]
[Date "????.??.??"]
[Round "7.9"]
[White "Landre, Tristan"]
[Black "Mourot, Felix"]
[Result "*"]
[WhiteElo "2067"]
[BlackElo "2178"]
[PlyCount "69"]

1. e4 c5 2. Nf3 g6 3. c3 Bg7 4. d4 cxd4 5. cxd4 d5 6. e5 Nc6 7. h3 h5 8. Nc3
Nh6 9. Bg5 Nf5 10. Bb5 Kf8 11. Ba4 Be6 12. Bb3 Rc8 13. O-O f6 14. exf6 exf6 15.
Be3 Na5 16. Re1 Kf7 17. Rc1 Nc4 18. Bxc4 Rxc4 19. Qb3 Qd7 20. Ne2 Nxe3 21. fxe3
b5 22. Rf1 Kg8 23. Nf4 Bf8 24. Nd2 Rxc1 25. Rxc1 g5 26. Nd3 g4 27. Nf4 Bh6 28.
Rc5 Kg7 29. Qxb5 Qe7 30. Qd3 gxh3 31. gxh3 Rg8 32. Kf2 Re8 33. Nf3 Qd7 34. Rxd5
Qa4 35. Nxh5+ *

[Event "Championnat de France - Open A"]
[Site "VAL D ISERE"]
[Date "????.??.??"]
[Round "7.10"]
[White "Metzger, Clement"]
[Black "Chouquet, Adrien"]
[Result "0-1"]
[WhiteElo "2159"]
[BlackElo "2107"]
[PlyCount "56"]

1. c4 f5 2. e3 Nf6 3. Be2 g6 4. h4 h6 5. d4 Bg7 6. Nh3 O-O 7. Nf4 Qe8 8. Nc3 d6
9. Ncd5 Na6 10. Nxe7+ Qxe7 11. Nxg6 Qf7 12. Nxf8 Qxf8 13. Qd3 c5 14. Bf3 Ne4
15. Bd2 cxd4 16. exd4 Nxd2 17. Kxd2 Bxd4 18. Bd5+ Kh8 19. Qf3 Nc5 20. Rae1 Bd7
21. b4 Na4 22. Kd3 Qf6 23. Bxb7 Rb8 24. a3 Bc3 25. Re2 Bxb4 26. Rc1 Nc5+ 27.
Kc2 Ba4+ 28. Kb1 Rxb7 0-1

[Event "Championnat de France - Open A"]
[Site "VAL D ISERE"]
[Date "????.??.??"]
[Round "8.1"]
[White "Bodenez, Vincent"]
[Black "Gelis, Dorian"]
[Result "0-1"]
[WhiteElo "2174"]
[BlackElo "2179"]
[PlyCount "62"]

1. e4 e5 2. Nf3 Nc6 3. Bb5 f5 4. Nc3 fxe4 5. Nxe4 d5 6. Nxe5 dxe4 7. Nxc6 Qg5
8. Qe2 Nf6 9. f4 Qxf4 10. Nxa7+ Bd7 11. Bxd7+ Kxd7 12. Qb5+ Ke6 13. Qxb7 Bd6
14. Qb3+ Kd7 15. Qf7+ Kd8 16. Nc6+ Kc8 17. Ne7+ Kb7 18. Qb3+ Ka6 19. Nc6 Ng4 {#
} 20. a4 Qf2+ 21. Kd1 Qc5 22. Nb4+ Qxb4 23. Qxb4 Bxb4 24. Ke2 Rad8 25. c3 Be7
26. b4 Rhf8 27. h3 Ne5 28. Ba3 Kb7 29. b5 Bxa3 30. Rxa3 Nc4 31. Ra2 Rd3 0-1

[Event "Championnat de France - Open A"]
[Site "VAL D ISERE"]
[Date "????.??.??"]
[Round "8.2"]
[White "Baron, Thierry"]
[Black "Aout, Sebastien"]
[Result "1-0"]
[WhiteElo "2147"]
[BlackElo "2198"]
[PlyCount "97"]

1. e4 c5 2. Nf3 e6 3. d4 cxd4 4. Nxd4 a6 5. Nc3 Qc7 6. g3 Nc6 7. Bg2 Nf6 8. O-O
Nxd4 9. Qxd4 Bc5 10. Qd3 h6 11. Na4 d6 12. Nxc5 dxc5 13. e5 Qxe5 14. Bf4 Qxb2
15. Rab1 Qd4 16. Qxd4 cxd4 17. Bd6 Nd5 18. Rfe1 Kd7 19. Be5 f6 20. Bxd4 b5 21.
a4 Kd6 22. axb5 axb5 23. Rxb5 Ba6 24. Ra5 Bc4 25. Rea1 Rxa5 26. Rxa5 Rb8 27. h4
e5 28. Bc5+ Kc6 29. Ba7 Rb5 30. Ra4 Rb1+ 31. Kh2 Bb5 32. Rg4 Rc1 33. Rxg7 Bc4
34. Be4 Kd6 35. Rg6 Ke6 36. Rxh6 Nc3 37. Bg2 Rxc2 38. Rh8 Nd1 39. Rc8 Ra2 40.
Bb6 Bb3 41. Rb8 Bc4 42. Rc8 Bb3 43. Kg1 Ra1 44. Rc6+ Ke7 45. Bf3 Ne3+ 46. Kh2
Nf1+ 47. Kg2 Nd2 48. Rc3 Bc4 {#} 49. Rxc4 1-0

[Event "Championnat de France - Open A"]
[Site "VAL D ISERE"]
[Date "????.??.??"]
[Round "8.3"]
[White "Plane, Boris"]
[Black "Redon, Bruno"]
[Result "1-0"]
[WhiteElo "2134"]
[BlackElo "2190"]
[PlyCount "55"]

1. e4 c5 2. Nf3 Nc6 3. Nc3 Nf6 4. Bb5 g6 5. O-O Bg7 6. Re1 O-O 7. e5 Ne8 8.
Bxc6 dxc6 9. d3 Nc7 10. Ne4 b6 11. a4 h6 12. a5 Ba6 13. b3 Ne6 14. Bb2 Qc7 15.
Ned2 Rfd8 16. Re4 Nd4 17. Nxd4 cxd4 18. Bxd4 Rxd4 19. Rxd4 Bxe5 20. axb6 axb6
21. Rda4 Bxa1 22. Qxa1 Qc8 23. Qe5 Ra7 24. Qe3 h5 25. Qxb6 Ra8 26. Qe3 e6 27.
Ne4 Bb5 28. Qh6 1-0

[Event "Championnat de France - Open A"]
[Site "VAL D ISERE"]
[Date "????.??.??"]
[Round "8.4"]
[White "Aurel, Luc"]
[Black "Montabord, Manuel"]
[Result "1-0"]
[WhiteElo "2187"]
[BlackElo "2125"]
[PlyCount "58"]

1. e4 c5 2. d3 Nc6 3. g3 g6 4. Bg2 Bg7 5. f4 d6 6. Nf3 Nf6 7. O-O Nd7 8. c3 O-O
9. Be3 e6 10. Na3 Rb8 11. d4 Ne7 12. dxc5 dxc5 13. Qe2 b6 14. Rad1 Qe8 15. Nb5
Ba6 16. a4 Nf6 17. Ne5 Rd8 18. c4 Rxd1 19. Rxd1 Qb8 20. Nd7 Nxd7 21. Rxd7 Nc6
22. e5 Na5 23. Qd3 f6 24. exf6 Bxf6 25. b3 Rd8 26. Bh3 Rxd7 27. Qxd7 Qd8 28.
Qxe6+ Kg7 29. Nd6 Bb2 1-0

[Event "Championnat de France - Open A"]
[Site "VAL D ISERE"]
[Date "????.??.??"]
[Round "8.5"]
[White "Chouquet, Adrien"]
[Black "Bouhlel, Mohamed"]
[Result "1-0"]
[WhiteElo "2107"]
[BlackElo "2178"]
[PlyCount "67"]

1. d4 Nf6 2. c4 g6 3. Nc3 d5 4. Nf3 Bg7 5. Bg5 Ne4 6. cxd5 Nxc3 7. bxc3 Qxd5 8.
Qb3 Be6 9. Qxd5 Bxd5 10. Nd2 f5 11. f3 b6 12. e4 fxe4 13. fxe4 Bb7 14. Bc4 Rf8
15. O-O-O Ba6 16. Rhf1 Rxf1 17. Rxf1 Bxc4 18. Nxc4 Na6 19. Kc2 b5 20. Na5 b4
21. Nc6 bxc3 22. e5 e6 23. Kxc3 Bf8 24. Kc4 Nb8 25. Nd8 Nd7 26. Nxe6 Rc8 27.
Nxf8 Nxf8 28. Bh6 Nd7 29. e6 Nb6+ 30. Kc5 Ke7 31. d5 Rh8 32. Rf7+ Kd8 33. e7+
Kd7 34. Rf8 1-0

[Event "Championnat de France - Open A"]
[Site "VAL D ISERE"]
[Date "????.??.??"]
[Round "8.6"]
[White "Brethes, Francois"]
[Black "Landre, Tristan"]
[Result "1/2-1/2"]
[WhiteElo "2114"]
[BlackElo "2067"]
[PlyCount "83"]

1. b3 e5 2. Bb2 Nc6 3. e3 d6 4. g3 g6 5. Bg2 Bg7 6. Ne2 Bd7 7. O-O Qc8 8. f4
Bh3 9. Na3 h5 10. Bxh3 Qxh3 11. Nc1 Nf6 12. Qe2 h4 13. fxe5 dxe5 14. Rxf6 Bxf6
15. g4 O-O-O 16. Nd3 Rxd3 17. cxd3 Bg7 18. Rf1 f5 19. gxf5 gxf5 20. Qg2 Qxg2+
21. Kxg2 Rh5 22. Nc2 Kd7 23. Kh3 Bf6 24. d4 e4 25. Ne1 Nb4 26. a3 Nd5 27. Ng2
Ke6 28. Nf4+ Nxf4+ 29. Rxf4 Rh7 30. d5+ Ke7 31. Bxf6+ Kxf6 32. Rxh4 Rd7 33. d4
exd3 34. Rd4 c6 35. dxc6 Rxd4 36. c7 d2 37. c8=Q d1=Q 38. Qh8+ Kg5 39. Qg7+ Kh5
40. exd4 Qf1+ 41. Qg2 Qd3+ 42. Qg3 1/2-1/2

[Event "Championnat de France - Open A"]
[Site "VAL D ISERE"]
[Date "????.??.??"]
[Round "8.7"]
[White "Daligault, Jean"]
[Black "Soyez, Cyril"]
[Result "0-1"]
[WhiteElo "2112"]
[BlackElo "2144"]
[PlyCount "138"]

1. d4 Nf6 2. c4 c5 3. d5 b5 4. cxb5 a6 5. b6 Qxb6 6. Nc3 d6 7. Nf3 g6 8. a4 Bg7
9. a5 Qc7 10. e4 O-O 11. Be2 Bg4 12. O-O Nbd7 13. Qc2 Rfb8 14. Bd2 e6 15. dxe6
Bxe6 16. Bf4 Nh5 17. Bc1 Qc6 18. Ne1 Nhf6 19. Nd3 Nxe4 20. Nxe4 Qxe4 21. Bf3
Qc4 22. Qxc4 Bxc4 23. Bxa8 Bxd3 24. Rd1 c4 25. Bd5 Nc5 26. Ra2 Bc2 27. Rf1 Bb3
28. Ra1 c3 29. Bxb3 Nxb3 30. Rb1 Nxc1 31. Rfxc1 cxb2 32. Rc6 Bd4 33. g3 Rb5 34.
Rxa6 Rc5 35. Kg2 Rc1 36. Rxb2 Bxb2 37. Rxd6 Ra1 38. a6 Kg7 39. f4 Bf6 40. Kf2
Ra2+ 41. Kg1 Be7 42. Rc6 Bb4 43. Kf1 Bd2 44. Kg1 Be3+ 45. Kh1 h5 46. h3 h4 47.
gxh4 Bxf4 48. h5 gxh5 49. Kg1 Ra3 50. Kf1 Rxh3 51. Rc4 Bb8 52. Rb4 Ba7 53. Rb7
Bd4 54. Rb4 Bc5 55. Rb5 Rc3 56. Ra5 Ba7 57. Rxh5 Ra3 58. Rg5+ Kf6 59. Rh5 Kg6
60. Rh4 Rxa6 61. Kg2 f5 62. Rh8 Kg5 63. Kf3 Ra3+ 64. Kg2 Kg4 65. Rg8+ Kf4 66.
Re8 Ra2+ 67. Kh1 Kf3 68. Rf8 Ra1+ 69. Kh2 Be3 0-1

[Event "Championnat de France - Open A"]
[Site "VAL D ISERE"]
[Date "????.??.??"]
[Round "8.8"]
[White "Medghoul, Sherif"]
[Black "Flament, Frederic"]
[Result "1-0"]
[WhiteElo "2163"]
[BlackElo "2093"]
[PlyCount "85"]

1. d4 Nf6 2. c4 e6 3. Nc3 Bb4 4. e3 b6 5. Nge2 Ba6 6. a3 Be7 7. Nf4 d5 8. cxd5
Bxf1 9. Kxf1 exd5 10. Qf3 c6 11. g4 O-O 12. Kg2 Na6 13. Nd3 Rc8 14. Ne5 Bd6 15.
Qe2 Nb8 16. f4 Qc7 17. Bd2 Rfd8 18. Be1 Ne8 19. Nf3 Qb7 20. Bh4 Be7 21. Bxe7
Qxe7 22. Rad1 Nd6 23. Nd2 Re8 24. Rhe1 Qf6 25. Qf3 Rcd8 26. Rc1 Re7 27. Qf2
Rde8 28. Nf3 Ne4 29. Nxe4 Rxe4 30. Ne5 Qe6 31. Kf3 f6 32. Nd3 h5 33. h3 Kf7 34.
f5 hxg4+ 35. hxg4 Qd6 36. Nf4 Nd7 37. Qh4 Nf8 38. Qh8 c5 39. Nh5 Ke7 40. Qxg7+
Kd8 41. Qxf6+ Qe7 42. Qxe7+ Kxe7 43. Ng3 1-0

[Event "Championnat de France - Open A"]
[Site "VAL D ISERE"]
[Date "????.??.??"]
[Round "8.9"]
[White "Duchateau, Thomas"]
[Black "Saatdjian, Thomas"]
[Result "1/2-1/2"]
[WhiteElo "2154"]
[BlackElo "2062"]
[PlyCount "47"]

1. d4 Nf6 2. c4 c5 3. d5 b5 4. cxb5 a6 5. b6 e6 6. Nc3 Nxd5 7. Nxd5 exd5 8.
Qxd5 Nc6 9. Nf3 Rb8 10. e4 Be7 11. Bc4 O-O 12. O-O Rxb6 13. Qh5 d6 14. b3 Be6
15. Bxe6 fxe6 16. Qg4 Qc8 17. Bb2 e5 18. Qxc8 Rxc8 19. Nd2 Nd4 20. Nc4 Rbb8 21.
g3 Rd8 22. Kg2 Bf6 23. f4 exf4 24. gxf4 1/2-1/2

[Event "Championnat de France - Open A"]
[Site "VAL D ISERE"]
[Date "????.??.??"]
[Round "8.10"]
[White "Guezennec, Franck"]
[Black "Entem, Alan"]
[Result "0-1"]
[WhiteElo "2143"]
[BlackElo "2031"]
[PlyCount "104"]

1. e4 c5 2. Nf3 Nc6 3. c3 d5 4. exd5 Qxd5 5. d4 Bg4 6. Be2 e6 7. Be3 cxd4 8.
cxd4 Nf6 9. Nc3 Qa5 10. O-O Be7 11. Qb3 Qb4 12. Qc2 O-O 13. a3 Qd6 14. Rfd1
Rac8 15. Qa4 a6 16. d5 exd5 17. Nxd5 Nxd5 18. Qxg4 Nxe3 19. fxe3 Qc5 20. Nd4
Bg5 21. Kh1 Bxe3 22. Nf5 g6 23. Nd6 Rc7 24. Qh3 Re7 25. b4 Qg5 26. Bf3 Qf4 27.
Bxc6 bxc6 28. g3 Qe5 29. Qg2 Bd4 30. Nc4 Qf6 31. Rf1 Bxa1 32. Rxf6 Bxf6 33.
Qxc6 Re6 34. Qf3 Rc8 35. Nd2 Re1+ 36. Kg2 Rc2 37. Qd3 Rb2 38. Kh3 Rd1 39. Qxa6
Rdxd2 40. Qxf6 Rxh2+ 41. Kg4 h5+ 42. Kg5 Rbf2 43. Qe7 Kh7 44. g4 Rhg2 45. Kh4
Rxg4+ 46. Kh3 Rf3+ 47. Kh2 h4 48. Qb7 Rgf4 49. a4 Rb3 50. b5 h3 51. Qe7 Rf2+
52. Kg1 Rg2+ 0-1

[Event "Championnat de France - Open A"]
[Site "VAL D ISERE"]
[Date "????.??.??"]
[Round "9.1"]
[White "Gelis, Dorian"]
[Black "Baron, Thierry"]
[Result "1-0"]
[WhiteElo "2179"]
[BlackElo "2147"]
[PlyCount "108"]

1. e4 e5 2. d4 exd4 3. Qxd4 Nc6 4. Qe3 Nf6 5. Nc3 Bb4 6. Bd2 O-O 7. O-O-O Re8
8. Qg3 Nxe4 9. Nxe4 Rxe4 10. Bf4 d6 11. Bd3 Re8 12. Nf3 Ne7 13. Bg5 Qd7 14. Qh4
f6 {#} 15. Bxh7+ Kf8 16. Bxf6 Qg4 17. Bxe7+ Rxe7 18. Rd4 Qxh4 19. Rxh4 Bc5 20.
Bd3 d5 21. Rh8+ Kf7 22. h4 b6 23. Ng5+ Kf6 24. Rf8+ Ke5 25. Re1+ Kd6 26. Rxe7
Kxe7 27. Rf7+ Kd6 28. c3 a5 29. Kd2 Bd7 30. Ke2 (30. f3 $18) 30... Re8+ 31. Kf1
Re7 32. Rf4 b5 33. Nf3 Be6 34. Bxb5 c6 35. Bd3 Bb6 36. h5 c5 37. b3 Rf7 38.
Rxf7 Bxf7 39. g4 Bd8 40. Ke2 Bf6 41. Kd2 Be6 42. g5 Be7 43. h6 gxh6 44. gxh6
Bg4 45. h7 Bf6 46. Nh4 Bh5 47. Bg6 Bg4 48. Bf7 Ke7 49. Bxd5 Bh5 50. Be4 Kf7 51.
Nf5 Ke6 52. Ng3 Bf7 53. f4 Ke7 54. Kd3 Kf8 1-0